000 004450000a22001810004500
003 MACL
005 20150814175256.0
008 150814b xxu||||| |||| 00| 0 eng d
040 _aMACL
_cMACL
041 _aEnglish
082 _a403/KUM
100 _aKumar, Pradeep
_95750
245 _aDictionary Of Global Positioning System
260 _bBiotech Books
_c2007
_aDelhi
350 _a495
650 _aDictionary
_95752
942 _cBK
_k403
_2ddc
999 _c8791
_d8791